000 00735nam a2200205 a 4500
001 000364982
003 AM-YeHGA
005 20250617131725.0
008 040930s2004 ||| r 000 0 rus d
020 _a595330269X
040 _aAM-YeHGA
041 0 _arus
100 1 _aШишов, Алексей Васильевич
245 1 0 _aНеизвестные страницы русско-японской войны 1904-1905 /
_cА.В. Шишов.
260 _aМосква :
_bВече,
_c2004.
300 _a383 с.
_b[8] л. ил., портр.
440 0 _aВоенные тайны ХХ века
650 1 4 _aИстория
_yПериод русско-японской войны (1904-1905)
_zСССР
090 _c140924
999 _c139546
_d139546